Návrh informačného systému pre rozvodné siete SE = Project of Maintenance Machinery Information system : Diplomová práca

Saved in:
Bibliographic Details
Main Author: Rolenčík, Viliam (Author)
Other Authors: Herceg, Jozef (xxx)
Format: Manuscript Book
Language:Slovak
Published: Trnava : STU v Bratislave MtF KAIA, 2006
Subjects:
Tags: Add Tag
No Tags, Be the first to tag this record!

MARC

LEADER 00000ntm a22000003a 4500
001 stu124054
005 20160719155458.3
008 060725s2006----xo------------------slo-d
040 |a STU  |b slo 
041 0 |a slo 
044 |a xo 
100 1 |a Rolenčík, Viliam  |4 aut 
245 1 |a Návrh informačného systému pre rozvodné siete SE = Project of Maintenance Machinery Information system :  |b Diplomová práca 
260 |a Trnava :  |b STU v Bratislave MtF KAIA,  |c 2006 
300 |a 72 s  |c príl (1 CD) 
650 7 |a aplikovaná informatika a automatizácia v priemysle  |2 stusub 
650 7 |a informačný systém  |2 stusub 
700 1 |a Herceg, Jozef  |4 xxx  |u M950  |X 1000602058  |U M950  |Y M950  |7 1000602058 
996 |b 284M073753  |c M*DP-6347  |l MMSKP  |s P  |a 0  |w stu124054_0001